00543nam a2200133Ia 4500008004100000100003100041245009500072260003300167300001800200650001400218856008500232999001900317952007300336160712s9999 xx 000 0 und d aConcepcion, Grace Liza Y.  cGrace Liza Y. ConcepcionaDisciplinary Cases of Filipino Teachers in the Late 19th Century c2014bSocial Science Diliman avol. 10 no. 1 xEDUCATION uhttp://journals.upd.edu.ph/index.php/socialsciencediliman/issue/view/431/showToc c297153d297153 001040aCLbCLd2016-07-12l0r2016-07-12 00:00:00w2016-07-12yFEJ